Loading...

Oru school teacherute diary

Bibliographic Details
Main Author: Vigdarova F
Other Authors: T S Namboodiri (tr.)
Format: Printed Book
Published: T M Devaki 2007
Edition:3
Subjects:
LEADER 00691nam a22002171a 4500
020 |a 9788124014561  |c 0.00 
040 |a SSUS - Library - Kalady 
082 |a M3 (FTr.)  |b VIG/O 
100 |a Vigdarova F 
245 |a Oru school teacherute diary  |h [Text] 
250 |a 3 
260 |b T M Devaki  |c 2007 
300 |a 160p. 
600 |a Novel Malayalam 
600 |a Literature 
600 |a Literature Malayalam 
700 |a T S Namboodiri (tr.) 
852 |h M3 (FTr.)  |i VIG/O  |p 055669  |9 75.00  |t 0 
942 |c BK 
999 |c 32578  |d 32578 
952 |0 0  |1 0  |4 0  |6 M_3_000000000000000_FTR__VIG_O  |7 0  |9 47215  |a SSUS  |b SSUS  |d 2015-01-08  |g 75.00  |l 4  |o M3 (FTr.) VIG/O  |p 055669  |r 2018-05-23  |s 2018-02-17  |v 0.00  |w 2015-01-08  |y BK